[Event "Torino op 53rd"]
[Site "Torino"]
[Date "2024.01.07"]
[Round "9"]
[White "Lauda, Alexandr"]
[Black "Piscopo, Pierluigi"]
[Result "1/2-1/2"]
[WhiteElo "2182"]
[BlackElo "2319"]
[PlyCount "22"]
[EventDate "2024.01.02"]
[EventType "swiss"]
[EventRounds "9"]
[EventCountry "ITA"]
[SourceTitle "CB02_2024"]
[SourceDate "2024.01.10"]
[SourceVersion "1"]
[SourceVersionDate "2024.01.10"]
[SourceQuality "1"]

1. d4 d5 2. c4 e6 3. Nf3 Bb4+ 4. Bd2 a5 5. g3 Ne7 6. Bg2 dxc4 7. 0-0 Nbc6 8. e3 0-0 9. a4 Nd5 10. e4 Nb6 11. Be3 Bd7 1/2-1/2

[Event "Bastia op"]
[Site "Bastia"]
[Date "2023.07.10"]
[Round "9"]
[White "Rakotomaharo, Fy Antenaina"]
[Black "Piscopo, Pierluigi"]
[Result "1-0"]
[WhiteElo "2463"]
[BlackElo "2331"]
[PlyCount "47"]
[EventDate "2023.07.09"]
[EventType "swiss"]
[EventRounds "9"]
[EventCountry "FRA"]
[SourceTitle "CBM 215 Extra"]
[Source "ChessBase"]
[SourceDate "2023.09.30"]
[SourceVersion "1"]
[SourceVersionDate "2023.09.30"]
[SourceQuality "1"]

1. e4 c5 2. Nf3 e6 3. d4 cxd4 4. Nxd4 a6 5. a3 Nf6 6. Nc3 Qc7 7. f4 d6 8. Qf3 b5 9. g4 Bb7 10. g5 Nfd7 11. Be3 Nc6 12. 0-0-0 b4 13. axb4 Nxb4 14. Rd2 Nc5 15. Kb1 Rc8 16. Be2 d5 17. Nb3 Nxe4 18. Nxe4 dxe4 19. Qh3 Be7 20. g6 Bf6 21. Nc5 Bd5 22. gxf7+ Kxf7 23. Rxd5 exd5 24. Qe6+ 1-0

[Event "Bastia op"]
[Site "Bastia"]
[Date "2022.07.15"]
[Round "7"]
[White "Jahncke, Giso"]
[Black "Piscopo, Pierluigi"]
[Result "1/2-1/2"]
[WhiteElo "2299"]
[BlackElo "2343"]
[PlyCount "94"]
[EventDate "2022.07.10"]
[EventType "swiss"]
[EventRounds "7"]
[EventCountry "FRA"]
[SourceTitle "CBM 209 Extra"]
[Source "ChessBase"]
[SourceDate "2022.09.30"]
[SourceVersion "1"]
[SourceVersionDate "2022.09.30"]
[SourceQuality "1"]

1. d4 Nf6 2. c4 e6 3. Nf3 d5 4. g3 Be7 5. Bg2 0-0 6. Nc3 Nbd7 7. Qd3 c5 8. cxd5 exd5 9. 0-0 Re8 10. Bf4 a6 11. Ng5 Nf8 12. dxc5 h6 13. Nxf7 Kxf7 14. Nxd5 Ne6 15. Qc4 Nxd5 16. Bxd5 Bd7 17. b4 Qc8 18. Be5 Bc6 19. Qf4+ Kg8 20. Bb3 Bg5 21. Qf5 Qd7 22. f4 Kh8 23. fxg5 Nxg5 24. Qxd7 Bxd7 25. Rad1 Bc6 26. h4 Rxe5 27. hxg5 Rxg5 28. Rd3 Re8 29. Rf2 a5 30. a3 axb4 31. axb4 Rg4 32. Bf7 Ra8 33. Rb3 Ba4 34. Ra3 Rxb4 35. Rf4 Rxf4 36. gxf4 Rf8 37. Rxa4 Rxf7 38. Kg2 g5 39. fxg5 hxg5 40. Rb4 Kg7 41. Rb6 Rc7 42. Kf3 Rxc5 43. Rxb7+ Kf6 44. Rb4 Rf5+ 45. Kg3 Re5 46. Kf3 Rf5+ 47. Kg3 Re5 1/2-1/2

[Event "Bastia op"]
[Site "Bastia"]
[Date "2022.07.12"]
[Round "3"]
[White "Campana, Marc Antoine"]
[Black "Piscopo, Pierluigi"]
[Result "0-1"]
[WhiteElo "1906"]
[BlackElo "2343"]
[PlyCount "74"]
[EventDate "2022.07.10"]
[EventType "swiss"]
[EventRounds "7"]
[EventCountry "FRA"]
[SourceTitle "CBM 209 Extra"]
[Source "ChessBase"]
[SourceDate "2022.09.30"]
[SourceVersion "1"]
[SourceVersionDate "2022.09.30"]
[SourceQuality "1"]

1. e4 c5 2. Nf3 d6 3. d4 Nf6 4. Nc3 cxd4 5. Nxd4 Nc6 6. Be2 e5 7. Nb3 Be7 8. Be3 0-0 9. g4 Be6 10. g5 Nd7 11. Qd2 a5 12. a4 Nb4 13. Nd5 Nxd5 14. exd5 Bf5 15. h4 Qc7 16. Bd3 Bxd3 17. Qxd3 Rfc8 18. c3 Qc4 19. Qxc4 Rxc4 20. Nd2 Rcc8 21. c4 f5 22. f3 Bd8 23. Ke2 Ra6 24. Rhc1 Bb6 25. Bxb6 Rxb6 26. b3 Nc5 27. Rc3 g6 28. Re1 Kg7 29. f4 Re8 30. Kf3 Ra6 31. Rce3 e4+ 32. Ke2 Nd3 33. Rf1 Raa8 34. Kd1 h6 35. gxh6+ Kf6 36. Kc2 Rh8 37. Rh3 Rxh6 0-1

[Event "Bastia op"]
[Site "Bastia"]
[Date "2022.07.11"]
[Round "2"]
[White "Piscopo, Pierluigi"]
[Black "Guazzelli, Jean Baptiste"]
[Result "1-0"]
[WhiteElo "2343"]
[BlackElo "1983"]
[PlyCount "113"]
[EventDate "2022.07.10"]
[EventType "swiss"]
[EventRounds "7"]
[EventCountry "FRA"]
[SourceTitle "CBM 209 Extra"]
[Source "ChessBase"]
[SourceDate "2022.09.30"]
[SourceVersion "1"]
[SourceVersionDate "2022.09.30"]
[SourceQuality "1"]

1. c4 Nf6 2. Nc3 d5 3. cxd5 Nxd5 4. e3 g6 5. Bc4 Nb6 6. Bb3 Bg7 7. d4 0-0 8. Nge2 a5 9. 0-0 Bd7 10. a3 e5 11. dxe5 Bxe5 12. e4 a4 13. Ba2 Bc6 14. Qc2 Qe7 15. Be3 N8d7 16. Rae1 Ra5 17. f4 Bg7 18. Nd4 Rc5 19. e5 Nb8 20. Nxc6 Rxc6 21. Qe4 Kh8 22. Bd4 N8d7 23. f5 gxf5 24. Rxf5 Rg6 25. Qxb7 Qh4 26. Bf2 Qg4 27. Qe4 Qxe4 28. Rxe4 Rc6 29. Bd4 Nc5 30. Ref4 Ne6 31. Bxe6 Rxe6 32. Rxf7 Rd8 33. Rg4 Bh6 34. Ne2 Nd5 35. h4 Ne7 36. Bc3 Nd5 37. Nd4 Be3+ 38. Kh2 Bxd4 39. Bxd4 Rg8 40. Rxg8+ Kxg8 41. Rd7 c6 42. Ra7 c5 43. Bxc5 Rxe5 44. Rxa4 Re2 45. Rd4 Nf6 46. b4 h5 47. b5 Re5 48. Rd8+ Kh7 49. b6 Rxc5 50. b7 Ng4+ 51. Kg3 Rc3+ 52. Kf4 Rc4+ 53. Kf3 Ne5+ 54. Ke3 Nc6 55. Rc8 Rc3+ 56. Ke4 Rxa3 57. Rc7+ 1-0

[Event "Bastia op"]
[Site "Bastia"]
[Date "2022.07.10"]
[Round "1"]
[White "Isaksson, Philip"]
[Black "Piscopo, Pierluigi"]
[Result "0-1"]
[WhiteElo "1741"]
[BlackElo "2343"]
[PlyCount "103"]
[EventDate "2022.07.10"]
[EventType "swiss"]
[EventRounds "7"]
[EventCountry "FRA"]
[SourceTitle "CBM 209 Extra"]
[Source "ChessBase"]
[SourceDate "2022.09.30"]
[SourceVersion "1"]
[SourceVersionDate "2022.09.30"]
[SourceQuality "1"]

1. e4 c5 2. Nf3 e6 3. d4 cxd4 4. Nxd4 a6 5. Bd3 Bc5 6. Nb3 Ba7 7. Nc3 d6 8. a4 Nf6 9. h3 Nc6 10. Qe2 Nd7 11. Be3 Nde5 12. 0-0 g5 13. Nd2 h5 14. f4 gxf4 15. Rxf4 Qg5 16. Raf1 Ng6 17. R4f3 Bxe3+ 18. Qxe3 Qxe3+ 19. Rxe3 Nge5 20. Nc4 Nxc4 21. Bxc4 Ne5 22. Be2 Bd7 23. b4 Ke7 24. a5 Rac8 25. Rc1 Nc6 26. Na2 e5 27. c3 Be6 28. Ra1 h4 29. Nc1 Rhg8 30. Kf2 Na7 31. Ra3 Bc4 32. Bxc4 Rxc4 33. Ne2 Nb5 34. Rb3 Rd8 35. g3 d5 36. exd5 Rxd5 37. Kf3 Kd6 38. g4 Rd1 39. Rb2 Kd5 40. Rb3 Nd6 41. Rb2 f5 42. Kf2 f4 43. Rf3 Ne4+ 44. Kg2 Ng5 45. Nxf4+ exf4 46. Rff2 f3+ 47. Kh2 Re4 48. Rbd2+ Rxd2 49. Rxd2+ Ke5 50. Rd7 Re2+ 51. Kh1 Ne4 52. Re7+ 0-1

[Event "Purtichju op"]
[Site "Purtichju"]
[Date "2022.07.08"]
[Round "9"]
[White "Piscopo, Pierluigi"]
[Black "Yankelevich, Lev"]
[Result "0-1"]
[WhiteElo "2343"]
[BlackElo "2496"]
[PlyCount "92"]
[EventDate "2022.07.02"]
[EventType "swiss"]
[EventRounds "9"]
[EventCountry "FRA"]
[SourceTitle "EXT 2023"]
[Source "ChessBase"]
[SourceDate "2022.10.05"]
[SourceVersion "1"]
[SourceVersionDate "2022.10.05"]
[SourceQuality "1"]

1. e4 e5 2. Nf3 Nc6 3. d4 exd4 4. c3 Nf6 5. e5 Nd5 6. cxd4 Bb4+ 7. Bd2 Bxd2+ 8. Nbxd2 0-0 9. Bb5 Nce7 10. 0-0 d6 11. Re1 Bg4 12. h3 Bh5 13. Qb3 c6 14. Bf1 dxe5 15. dxe5 Qb6 16. Qa4 Qb4 17. Qc2 Bg6 18. Qc1 Qf4 19. g3 Qf5 20. a3 Qd7 21. b4 Bf5 22. Kh2 a5 23. Qb2 axb4 24. axb4 Be6 25. Bg2 Qc7 26. Nc4 Nf4 27. Bf1 Bd5 28. Ng5 Ne6 29. h4 Nf5 30. Ne3 Nxg5 31. hxg5 Nxe3 32. Rxe3 Rxa1 33. Qxa1 Qe7 34. Qd4 Qxg5 35. Qh4 Qf5 36. g4 Qf4+ 37. Qg3 Qxb4 38. f4 Ra8 39. f5 Qd2+ 40. Re2 Qh6+ 41. Kg1 Ra1 42. Kf2 Qc1 43. Bh3 Qc5+ 44. Qe3 Qxe3+ 45. Rxe3 Rb1 46. g5 Rb2+ 0-1

[Event "Purtichju op"]
[Site "Purtichju"]
[Date "2022.07.05"]
[Round "6"]
[White "Karttunen, Mika"]
[Black "Piscopo, Pierluigi"]
[Result "1-0"]
[WhiteElo "2484"]
[BlackElo "2343"]
[PlyCount "131"]
[EventDate "2022.07.02"]
[EventType "swiss"]
[EventRounds "9"]
[EventCountry "FRA"]
[SourceTitle "EXT 2023"]
[Source "ChessBase"]
[SourceDate "2022.10.05"]
[SourceVersion "1"]
[SourceVersionDate "2022.10.05"]
[SourceQuality "1"]

1. d4 Nf6 2. c4 e6 3. Nc3 Bb4 4. e3 0-0 5. Bd3 c5 6. a3 Bxc3+ 7. bxc3 Nc6 8. Ne2 b6 9. e4 Ne8 10. 0-0 Ba6 11. f4 f5 12. Ng3 Nd6 13. exf5 exf5 14. dxc5 bxc5 15. Be3 Nxc4 16. Bxc5 d6 17. Bxc4+ Bxc4 18. Qxd6 Qxd6 19. Bxd6 Rfd8 20. Rfd1 Bb3 21. Rdb1 Be6 22. Bb4 Rd3 23. Re1 Kf7 24. Ne2 Rad8 25. Bc5 Rd2 26. Rab1 Bd5 27. Rb7+ Kg6 28. Rc7 Rc2 29. Bf2 Rd6 30. Rd1 Rxe2 31. c4 Ne7 32. Rxa7 Rc6 33. cxd5 Rcc2 34. Bd4 Nxd5 35. Rxg7+ Kh6 36. Rg3 Nxf4 37. Be3 Rxe3 38. Rxe3 Rxg2+ 39. Kh1 Rf2 40. Rg1 Ng6 41. Rh3+ Kg7 42. Rhg3 Ra2 43. Rf1 Kf6 44. Kg1 f4 45. Rh3 Kf5 46. Rf2 Ra1+ 47. Rf1 Ra2 48. Rf2 Ra1+ 49. Kg2 Kg4 50. Rxh7 Rxa3 51. h3+ Kg5 52. Kh2 Ne5 53. Rg2+ Kf5 54. Rh5+ Kf6 55. Rb2 Re3 56. Rb6+ Kg7 57. Rg5+ Kh7 58. Rf5 Re2+ 59. Kg1 f3 60. Kf1 Re3 61. Re6 Nc4 62. Rh5+ Kg7 63. Rxe3 Nxe3+ 64. Kf2 Kg6 65. Rc5 Nf5 66. Kxf3 1-0

[Event "Mitropa Cup"]
[Site "Corte"]
[Date "2022.05.08"]
[Round "9.1"]
[White "Piscopo, Pierluigi"]
[Black "Maurizzi, Marc Andria"]
[Result "0-1"]
[WhiteElo "2347"]
[BlackElo "2489"]
[PlyCount "102"]
[EventDate "2022.04.30"]
[EventType "team-tourn"]
[EventRounds "9"]
[EventCountry "FRA"]
[SourceTitle "CBM 208 Extra"]
[Source "ChessBase"]
[SourceDate "2022.07.31"]
[SourceVersion "1"]
[SourceVersionDate "2022.07.31"]
[SourceQuality "1"]
[WhiteTeam "Corsica"]
[BlackTeam "France"]
[WhiteTeamCountry "FRA"]
[BlackTeamCountry "FRA"]

1. e4 c5 2. Nf3 Nc6 3. Bb5 e6 4. 0-0 Nge7 5. Re1 Nd4 6. Nxd4 cxd4 7. c4 e5 8. d3 Ng6 9. Qh5 a6 10. Ba4 Qa5 11. Qd1 Be7 12. a3 0-0 13. Nd2 d6 14. b4 Qc7 15. Nf1 f5 16. exf5 Bxf5 17. Ng3 Be6 18. Ne4 Rf5 19. Bd2 Raf8 20. Rc1 Nh4 21. Qe2 b5 22. Bb3 Qd7 23. Rf1 R5f7 24. f3 Kh8 25. Rf2 h6 26. Qd1 bxc4 27. dxc4 Qb7 28. Be1 Nxg2 29. Kxg2 Rxf3 30. Bc2 R3f4 31. Qd3 d5 32. Nc5 dxc4+ 33. Nxb7 cxd3 34. Bxd3 Bd5+ 35. Kg1 Rg4+ 36. Kf1 Bxb7 37. Rc7 Bg2+ 38. Ke2 Bf6 39. Bf5 Rf4 40. Rc8 Rxc8 41. Bxc8 Rxf2+ 42. Bxf2 a5 43. bxa5 Bd8 44. Bg3 e4 45. Kf2 Bf3 46. a6 Bb6 47. Bc7 d3+ 48. Bxb6 d2 49. a7 d1Q 50. a8Q Qe2+ 51. Kg3 Qg2+ 0-1

[Event "Mitropa Cup"]
[Site "Corte"]
[Date "2022.05.03"]
[Round "4.1"]
[White "Koellner, Ruben Gideon"]
[Black "Piscopo, Pierluigi"]
[Result "1-0"]
[WhiteElo "2440"]
[BlackElo "2347"]
[PlyCount "158"]
[EventDate "2022.04.30"]
[EventType "team-tourn"]
[EventRounds "9"]
[EventCountry "FRA"]
[SourceTitle "CBM 208 Extra"]
[Source "ChessBase"]
[SourceDate "2022.07.31"]
[SourceVersion "1"]
[SourceVersionDate "2022.07.31"]
[SourceQuality "1"]
[WhiteTeam "Germany"]
[BlackTeam "Corsica"]
[WhiteTeamCountry "GER"]
[BlackTeamCountry "FRA"]

1. d4 d5 2. c4 e6 3. Nc3 c5 4. e3 Nf6 5. Nf3 cxd4 6. Nxd4 a6 7. Nf3 Nc6 8. cxd5 exd5 9. Be2 Bd6 10. 0-0 0-0 11. b3 Bc7 12. Bb2 Bg4 13. Nd4 Qd6 14. g3 Bh3 15. Re1 Rfe8 16. Rc1 Ba5 17. a3 Ne5 18. Nf3 Nc6 19. b4 Bc7 20. Na4 Rad8 21. Nc5 Bc8 22. Qc2 Bb6 23. Red1 Qe7 24. Qb3 Ne4 25. Na4 Ba7 26. Nd4 Ne5 27. Rc2 Nc4 28. Bc1 Qf6 29. f3 Ned6 30. Nc5 h5 31. Rc3 b6 32. Na4 Nb5 33. Nxb5 axb5 34. Nb2 d4 35. Rcd3 Nxe3 36. Bxe3 dxe3 37. Rxd8 Rxd8 38. Rxd8+ Qxd8 39. Qxe3 h4 40. Bxb5 Be6 41. Nd3 Bb8 42. f4 Bd6 43. Qe4 Bd5 44. Qe8+ Qxe8 45. Bxe8 hxg3 46. hxg3 f6 47. Bg6 Kf8 48. Kf2 Ke7 49. Ke3 Kd7 50. Kd4 Bb3 51. Nc1 Bg8 52. Ne2 Bb3 53. Kc3 Bd5 54. Nd4 Bf8 55. Bf5+ Kd6 56. Bg6 Kd7 57. a4 Kc7 58. Bd3 Kd6 59. Bc4 g5 60. Nf5+ Kc6 61. Bxd5+ Kxd5 62. Ne3+ Kc6 63. f5 Bd6 64. g4 Bf4 65. Kd4 Be5+ 66. Kc4 Bc7 67. Nd5 Bd8 68. Nc3 Be7 69. Nb5 Bd8 70. Nd4+ Kd6 71. Ne6 Be7 72. Kb5 Kd5 73. a5 bxa5 74. bxa5 Bd6 75. a6 Bb8 76. Kb6 Bh2 77. Kb7 Bg1 78. Nc7+ Ke4 79. Ne8 Kf4 1-0

[Event "Innsbruck op 5th"]
[Site "Innsbruck"]
[Date "2021.08.25"]
[Round "6"]
[White "Wong, Gengchun"]
[Black "Piscopo, Pierluigi"]
[Result "0-1"]
[WhiteElo "2083"]
[BlackElo "2376"]
[PlyCount "70"]
[EventDate "2021.08.21"]
[EventType "swiss"]
[EventRounds "9"]
[EventCountry "AUT"]
[SourceTitle "CBM 204 Extra"]
[Source "ChessBase"]
[SourceDate "2021.11.30"]
[SourceVersion "1"]
[SourceVersionDate "2021.11.30"]
[SourceQuality "1"]

1. e4 c5 2. Nf3 d6 3. d4 Nf6 4. Nc3 cxd4 5. Nxd4 Bd7 6. f3 e5 7. Nb3 Be7 8. Be3 0-0 9. Qd2 Na6 10. Nd5 Nxd5 11. exd5 Nb8 12. c4 a5 13. Be2 Be8 14. 0-0 Nd7 15. Rfd1 f5 16. Nc1 f4 17. Bf2 Bh4 18. Nd3 Bg6 19. Bxh4 Qxh4 20. Nf2 Nc5 21. Bd3 Nxd3 22. Nxd3 e4 23. fxe4 f3 24. Nf2 fxg2 25. Qe3 Rae8 26. Re1 Rf5 27. Qg3 Qf6 28. Kxg2 Rfe5 29. h3 Rg5 30. Ng4 Qxb2+ 31. Kg1 Bxe4 32. Rxe4 Rxe4 33. Rf1 h5 34. Qf3 Rgxg4+ 35. hxg4 Rxg4+ 0-1

[Event "Bastia Summer op 1st"]
[Site "Bastia"]
[Date "2021.07.17"]
[Round "8"]
[White "Piscopo, Pierluigi"]
[Black "Brunel, Axel"]
[Result "0-1"]
[WhiteElo "2381"]
[BlackElo "1827"]
[PlyCount "75"]
[EventDate "2021.07.12"]
[EventType "swiss"]
[EventRounds "9"]
[EventCountry "FRA"]
[SourceTitle "CBM 203 Extra"]
[Source "ChessBase"]
[SourceDate "2021.09.30"]
[SourceVersion "1"]
[SourceVersionDate "2021.09.30"]
[SourceQuality "1"]

1. e4 c5 2. Nf3 d6 3. c3 Nf6 4. h3 Nc6 5. Bd3 g6 6. Bc2 Bg7 7. d4 cxd4 8. cxd4 0-0 9. Nc3 a6 10. 0-0 Nd7 11. Bg5 h6 12. Be3 b5 13. Qd2 Kh7 14. Rad1 Bb7 15. Nh2 Nb6 16. b3 Rc8 17. Bb1 Nd7 18. Ng4 h5 19. Nh2 Qa5 20. Rc1 Rfd8 21. Nf3 Nf6 22. d5 Nb8 23. Bd4 Nbd7 24. Qb2 Bh6 25. Rcd1 b4 26. Na4 Ne8 27. Qe2 f6 28. Nd2 Nc5 29. Nc4 Qb5 30. Nxc5 dxc5 31. Bb2 Ng7 32. Qf3 Qe8 33. d6 Rc6 34. Na5 Rb6 35. Nxb7 Rxb7 36. e5 Rb6 37. exf6 exf6 38. Qxf6 0-1

[Event "Bastia Summer op 1st"]
[Site "Bastia"]
[Date "2021.07.15"]
[Round "6"]
[White "Piscopo, Pierluigi"]
[Black "Tomasi, Elise"]
[Result "1-0"]
[WhiteElo "2381"]
[BlackElo "2030"]
[PlyCount "53"]
[EventDate "2021.07.12"]
[EventType "swiss"]
[EventRounds "9"]
[EventCountry "FRA"]
[SourceTitle "CBM 203 Extra"]
[Source "ChessBase"]
[SourceDate "2021.09.30"]
[SourceVersion "1"]
[SourceVersionDate "2021.09.30"]
[SourceQuality "1"]

1. d4 d5 2. c4 dxc4 3. e3 b5 4. a4 b4 5. Qf3 c6 6. Bxc4 Nf6 7. Ne2 e6 8. e4 Bb7 9. e5 Nd5 10. 0-0 Be7 11. Qg4 Bf8 12. Nd2 Nd7 13. Ne4 Qc7 14. Bd2 h5 15. Qf3 N7b6 16. Bd3 a5 17. Rfc1 Be7 18. Rc2 Rc8 19. Nc1 h4 20. h3 Nd7 21. Nb3 Rd8 22. Re1 N5b6 23. Bg5 Nc8 24. Bxe7 Kxe7 25. Qg4 Ncb6 26. Nd6 Nc8 27. Qg5+ 1-0

[Event "Bastia Summer op 1st"]
[Site "Bastia"]
[Date "2021.07.14"]
[Round "5"]
[White "Podvin, Antoine"]
[Black "Piscopo, Pierluigi"]
[Result "1/2-1/2"]
[WhiteElo "2085"]
[BlackElo "2381"]
[PlyCount "34"]
[EventDate "2021.07.12"]
[EventType "swiss"]
[EventRounds "9"]
[EventCountry "FRA"]
[SourceTitle "CBM 203 Extra"]
[Source "ChessBase"]
[SourceDate "2021.09.30"]
[SourceVersion "1"]
[SourceVersionDate "2021.09.30"]
[SourceQuality "1"]

1. d4 Nf6 2. Nc3 d5 3. Bg5 c6 4. f3 h6 5. Bh4 Qb6 6. e4 e5 7. dxe5 Qxb2 8. Nge2 Bb4 9. exf6 Bxc3+ 10. Nxc3 Qxc3+ 11. Kf2 Qc5+ 12. Ke1 g5 13. Bg3 Qc3+ 14. Kf2 Qc5+ 15. Ke1 Qc3+ 16. Kf2 Qc5+ 17. Ke1 Qc3+ 1/2-1/2

[Event "Bastia Summer op 1st"]
[Site "Bastia"]
[Date "2021.07.13"]
[Round "3"]
[White "Humeau, Cyril"]
[Black "Piscopo, Pierluigi"]
[Result "1/2-1/2"]
[WhiteElo "2311"]
[BlackElo "2381"]
[PlyCount "80"]
[EventDate "2021.07.12"]
[EventType "swiss"]
[EventRounds "9"]
[EventCountry "FRA"]
[SourceTitle "CBM 203 Extra"]
[Source "ChessBase"]
[SourceDate "2021.09.30"]
[SourceVersion "1"]
[SourceVersionDate "2021.09.30"]
[SourceQuality "1"]

1. d4 Nf6 2. Nf3 g6 3. c4 Bg7 4. Nc3 0-0 5. Bg5 c5 6. e3 cxd4 7. exd4 d5 8. Bxf6 Bxf6 9. cxd5 Nd7 10. d6 exd6 11. Be2 Nb6 12. 0-0 Be6 13. Rc1 Nd5 14. Nxd5 Bxd5 15. Bc4 Be4 16. Re1 d5 17. Bb3 Qd6 18. Ne5 Rae8 19. Qd2 Bxe5 20. dxe5 Rxe5 21. f3 Bf5 22. Rxe5 Qxe5 23. Re1 Qf6 24. Qxd5 Qb6+ 25. Kh1 Be6 26. Qd1 Bxb3 27. axb3 Qf6 28. Qe2 Rd8 29. h3 Rd6 30. Qf2 b6 31. Qc2 Rc6 32. Qd2 Re6 33. Rxe6 Qxe6 34. b4 Qe5 35. f4 Qe4 36. Kh2 h5 37. h4 Kg7 38. Qc3+ Kg8 39. Qd2 Kg7 40. Qc3+ Kg8 1/2-1/2

[Event "Bastia Summer op 1st"]
[Site "Bastia"]
[Date "2021.07.12"]
[Round "1"]
[White "Sonet, Sandy"]
[Black "Piscopo, Pierluigi"]
[Result "0-1"]
[WhiteElo "1660"]
[BlackElo "2381"]
[PlyCount "74"]
[EventDate "2021.07.12"]
[EventType "swiss"]
[EventRounds "9"]
[EventCountry "FRA"]
[SourceTitle "CBM 203 Extra"]
[Source "ChessBase"]
[SourceDate "2021.09.30"]
[SourceVersion "1"]
[SourceVersionDate "2021.09.30"]
[SourceQuality "1"]

1. d4 Nf6 2. c4 e6 3. Nc3 Bb4 4. Qc2 d5 5. cxd5 Qxd5 6. e3 c5 7. Bd2 Bxc3 8. Bxc3 cxd4 9. Bxd4 Nc6 10. Rd1 Nxd4 11. Rxd4 Qa5+ 12. b4 Qb6 13. a4 a5 14. b5 e5 15. Rd2 Be6 16. Nf3 Rc8 17. Qb2 Ne4 18. Rc2 0-0 19. Be2 Nc5 20. Qa3 Nb3 21. Rxc8 Rxc8 22. 0-0 Qc5 23. Qxc5 Rxc5 24. Rd1 f6 25. h3 Kf7 26. Nd2 Ke7 27. Nxb3 Bxb3 28. Ra1 Rc2 29. Bf3 b6 30. Ra3 Bc4 31. Be4 Ra2 32. Rxa2 Bxa2 33. Bc2 h6 34. Kf1 Kd6 35. Ke2 Kc5 36. Kd2 Kb4 37. Be4 Bb3 0-1

[Event "Francophonie-ch 7th"]
[Site "Paris"]
[Date "2019.08.11"]
[Round "8"]
[White "Toulzac, Pierre Yves"]
[Black "Piscopo, Pierluigi"]
[Result "0-1"]
[WhiteElo "2096"]
[BlackElo "2403"]
[PlyCount "50"]
[EventDate "2019.08.04"]
[EventType "swiss"]
[EventRounds "9"]
[EventCountry "FRA"]
[SourceTitle "CBM 191 Extra"]
[Source "ChessBase"]
[SourceDate "2019.09.30"]
[SourceVersion "1"]
[SourceVersionDate "2019.09.30"]
[SourceQuality "1"]

1. f4 d5 2. Nf3 g6 3. g3 c6 4. Bg2 Qb6 5. e3 Bg7 6. Nc3 Bg4 7. Qe2 e6 8. d3 Nd7 9. 0-0 Ne7 10. h3 Bxf3 11. Bxf3 0-0 12. Kh2 e5 13. e4 dxe4 14. Nxe4 exf4 15. gxf4 Qc7 16. Ng3 Rfe8 17. Qg2 Nd5 18. c3 Rad8 19. Kh1 Ne3 20. Bxe3 Rxe3 21. Be4 Nf6 22. Qf2 Qb6 23. Rg1 Nxe4 24. dxe4 Rdd3 25. Kh2 Rxg3 0-1

[Event "Francophonie-ch blitz 7th"]
[Site "Paris"]
[Date "2019.08.10"]
[Round "10"]
[White "Piscopo, Pierluigi"]
[Black "Dardha, Daniel"]
[Result "0-1"]
[WhiteElo "2403"]
[BlackElo "2424"]
[PlyCount "55"]
[EventDate "2019.08.10"]
[EventType "swiss (blitz)"]
[EventRounds "11"]
[EventCountry "FRA"]
[SourceTitle "CBM 191 Extra"]
[Source "ChessBase"]
[SourceDate "2019.09.30"]
[SourceVersion "1"]
[SourceVersionDate "2019.09.30"]
[SourceQuality "1"]

1. e4 c5 2. Nf3 Nc6 3. Bb5 g6 4. c3 Qb6 5. Ba4 Bg7 6. 0-0 e5 7. a3 Nge7 8. b4 0-0 9. d3 d5 10. Nbd2 cxb4 11. axb4 Qc7 12. b5 Na5 13. Ba3 dxe4 14. Nxe4 Rd8 15. Bb4 b6 16. Bxa5 bxa5 17. Bb3 Bb7 18. Nfg5 Nd5 19. c4 Nf4 20. c5 Bd5 21. g3 Nh3+ 22. Nxh3 Bxe4 23. Ng5 Bd5 24. Bxd5 Rxd5 25. Qf3 Rad8 26. c6 h6 27. Ne4 f5 28. Rfb1 0-1

[Event "Francophonie-ch 7th"]
[Site "Paris"]
[Date "2019.08.10"]
[Round "7"]
[White "Piscopo, Pierluigi"]
[Black "Mastrovasilis, Dimitrios"]
[Result "0-1"]
[WhiteElo "2403"]
[BlackElo "2594"]
[PlyCount "156"]
[EventDate "2019.08.04"]
[EventType "swiss"]
[EventRounds "9"]
[EventCountry "FRA"]
[SourceTitle "CBM 191 Extra"]
[Source "ChessBase"]
[SourceDate "2019.09.30"]
[SourceVersion "1"]
[SourceVersionDate "2019.09.30"]
[SourceQuality "1"]

1. e4 c5 2. Nf3 e6 3. d4 cxd4 4. Nxd4 Nc6 5. Nc3 Qc7 6. g4 a6 7. h4 b5 8. Nxc6 Qxc6 9. Bg2 Bb7 10. a3 Bc5 11. Bf4 Ne7 12. h5 h6 13. Qe2 f6 14. Rh3 0-0 15. 0-0-0 Rac8 16. Kb1 b4 17. axb4 Bxb4 18. Rhd3 Rfd8 19. Na2 Bc5 20. Rc3 Qb6 21. Rb3 Qa7 22. Bd6 Bc6 23. Bxc5 Qxc5 24. Qe3 Bb5 25. Qxc5 Rxc5 26. Bf1 Bxf1 27. Rxf1 Nc6 28. Rd1 Ne5 29. f3 a5 30. Nc3 Kf8 31. Ne2 a4 32. Ra3 Rc4 33. Rd4 Rdc8 34. Rxa4 Rxc2 35. Nf4 Ke8 36. Ra7 Rc1+ 37. Ka2 R1c7 38. Ra3 Rb8 39. Rda4 Nc4 40. Rb3 Rxb3 41. Kxb3 Nd2+ 42. Ka3 Nxf3 43. Ra8+ Ke7 44. Ng6+ Kd6 45. Rg8 Nh2 46. Rxg7 Nxg4 47. b4 Rc3+ 48. Ka4 Rc4 49. Ka5 Rxe4 50. b5 Re1 51. Kb6 Rb1 52. Ne7 f5 53. Nc8+ Ke5 54. Rxd7 f4 55. Nd6 f3 56. Nc4+ Kf5 57. Rd3 f2 58. Rf3+ Kg5 59. Nd2 Re1 60. Kc7 Re2 61. Nf1 e5 62. b6 Rc2+ 63. Kd6 Rb2 64. Kc7 e4 65. Rg3 Kf4 66. b7 e3 67. Rxg4+ Kxg4 68. Nxe3+ Kxh5 69. b8Q Rxb8 70. Kxb8 Kg5 71. Kc7 Kf4 72. Nf1 h5 73. Kd6 h4 74. Kd5 Kf3 75. Ke5 Ke2 76. Nh2 f1Q 77. Nxf1 Kxf1 78. Kf4 Kg2 0-1

[Event "Francophonie-ch 7th"]
[Site "Paris"]
[Date "2019.08.09"]
[Round "6"]
[White "Hemam, Moulaye Brahim"]
[Black "Piscopo, Pierluigi"]
[Result "0-1"]
[WhiteElo "2052"]
[BlackElo "2403"]
[PlyCount "86"]
[EventDate "2019.08.04"]
[EventType "swiss"]
[EventRounds "9"]
[EventCountry "FRA"]
[SourceTitle "CBM 191 Extra"]
[Source "ChessBase"]
[SourceDate "2019.09.30"]
[SourceVersion "1"]
[SourceVersionDate "2019.09.30"]
[SourceQuality "1"]

1. d4 c5 2. d5 e5 3. e4 d6 4. c4 Be7 5. Nc3 Bg5 6. Nf3 Bxc1 7. Qxc1 Ne7 8. Bd3 0-0 9. 0-0 Ng6 10. g3 h6 11. Qe3 Nd7 12. Nd2 Nf6 13. f3 Bh3 14. Rf2 Nh7 15. Ne2 Ne7 16. f4 Nf6 17. f5 Ng4 18. Qf3 Kh8 19. Nc3 Nxf2 20. Kxf2 Ng8 21. g4 Qg5 22. Qe3 Qxe3+ 23. Kxe3 Bxg4 24. h3 Bxh3 25. Be2 Nf6 26. Rg1 h5 27. Kf2 g6 28. Rh1 Bg4 29. Bxg4 Nxg4+ 30. Kg3 a6 31. Nf3 Kg7 32. fxg6 fxg6 33. Ng5 Kh6 34. Ne6 Rf7 35. Rb1 Raf8 36. Nxf8 Rxf8 37. b4 cxb4 38. Rxb4 Kg5 39. Rxb7 h4+ 40. Kg2 Rf2+ 41. Kh1 h3 42. Rb1 Rh2+ 43. Kg1 Rg2+ 0-1